[Event "IMSA Blitz Women 2019"]
[Site "Hengshui"]
[Date "2019.05.17"]
[Round "1.2"]
[White "Muzychuk, Mariya"]
[Black "Kosteniuk, Alexandra"]
[Result "0-1"]
[WhiteElo "2563"]
[BlackElo "2546"]
[Annotator "TA"]
[PlyCount "122"]
[EventDate "2019.05.17"]
[EventType "blitz"]
[EventCountry "CHN"]
[SourceTitle "playchess.com"]
[Source "ChessBase"]
[SourceQuality "1"]

{[%evp 17,122,0,14,12,42,-12,75,-12,0,-7,0,0,3,-27,19,0,0,-3,36,36,46,14,58,0,74,45,61,0,0,0,0,-160,-174,-126,-124,-233,-205,-334,-320,-439,-418,-580,-582,-663,-658,-858,-839,-842,-840,-845,-647,-928,-314,-314,-237,-665,-147,-810,-802,-811,-810,-775,-768,-1045,-1011,-1029,-1022,-1011,-971,-874,-610,-1247,-1225,-1198,-1184,-1132,-859,-1122,-535,-983,-979,-957,-566,-542,-548,-537,-529,-577,-573,-688,-671,-1540,-1477,-1333,-1332,-1825,-1645,-29937,-5367,-29981,-2151,-29980,-29977,-29967,-5763,-5029,-3013]} 1. e4 e5 2. Nf3 Nf6 3. Nxe5 d6 4. Nf3 Nxe4 5. d4 d5 6. Bd3 Bd6 7. O-O O-O 8. c4 c6 9. Qc2 Na6 10. a3 {C42: Petroff Defence: 3 Nxe5 and unusual White 3rd moves} f5 (10... Bg4 11. Ne5 Bf5 12. b4 c5 13. cxd5 cxd4 14. Bxe4 Rc8 15. Nc6 Bxe4 16. Qxe4 bxc6 17. dxc6 Re8 18. Qf3 Qb6 {1-0 (60) Dominguez Perez,L (2739)-Liang,A (2590) Saint Louis 2019}) 11. c5 (11. Nc3 $14) 11... Be7 {[#]} (11... Bb8 $1 $11 {keeps the balance.}) 12. Nc3 (12. Bxa6 $1 $16 {Strongly threatening Bd3.} bxa6 13. Ne5) 12... Nc7 $1 $11 13. Ne5 Ne6 14. Be3 Bf6 15. f4 (15. f3 $5 {[%cal Rf3e4]} Nxc3 16. bxc3 $11 (16. Qxc3 $2 Bxe5 17. dxe5 d4 $19 {[%mdl 64] Double Attack})) 15... Bd7 $146 (15... Bxe5 $5 16. dxe5 (16. fxe5 f4 $11) 16... N6xc5 $11) ({Predecessor:} 15... Qc7 16. Ne2 Re8 17. Rf3 Bh4 18. Ng3 Bxg3 19. hxg3 Nd8 20. Bxe4 fxe4 {0-1 (45) Richter,U-Comp Mephisto Vancouver Goch 1991}) 16. Bxe4 fxe4 17. Ne2 Be8 18. f5 Nc7 19. Ng3 Qe7 20. Bf4 ({White should try} 20. Ng4 $14) 20... Bh4 (20... Nb5 $11 {remains equal.} 21. Qd1 Bf7) 21. Rae1 a5 22. Qe2 (22. Ng4 $14) 22... a4 23. Qg4 Bf6 24. Nh5 $2 (24. Qd1 $11) 24... Bxh5 $1 $17 25. Qxh5 Nb5 26. Qd1 (26. Re3 $17 {is a better defense.}) 26... Rfe8 27. Re3 {[#]} (27. Kf2 {was necessary.}) 27... Nxd4 $1 $19 {[%mdl 512]} 28. Ng4 (28. Qxd4 Bxe5) 28... Nxf5 29. Rh3 Bd4+ 30. Kh1 e3 {White must now prevent ...e2!} 31. Qd3 Qe4 32. Qe2 Re6 33. Rhf3 Nh4 34. Rg3 Ng6 $2 (34... Rf8 35. Bxe3 Nf5) 35. Bxe3 Rae8 36. Re1 $2 {[#]} (36. Qf2 Bf6 37. Nxf6+ Rxf6 38. Qg1) 36... Qf5 $2 (36... Bxc5 $1 $19 {[%mdl 512] is more deadly.} 37. Rd1 (37. Bxc5 Qxe2) 37... Bd6) 37. Rf3 $2 {[%mdl 8192]} (37. Rf1 $17 Qe4 38. Qf2) 37... Qxg4 38. Rf8+ Rxf8 39. Qxg4 Rxe3 {[%cal Re3e1]} 40. Rd1 Re4 41. Qd7 Re7 42. Qg4 Bxc5 43. Qxa4 Rfe8 {( -> ...Re1+)} 44. Qa5 b6 45. Qc3 Re3 46. Qc1 Re2 47. Rf1 Rf8 48. Rd1 {[#]} Rff2 $1 49. Qg5 Rxg2 50. Qxg2 Rxg2 51. Kxg2 Be7 52. b4 Kf7 53. Rc1 c5 54. b5 c4 55. a4 Bb4 56. Rd1 Ke6 57. Rf1 c3 (57... Ne5 $142 58. Kf2 d4 59. a5 Bxa5 60. Ke2 c3 61. Kd1 d3 62. Rf4 g5 63. Ra4 Kd5 64. Ra2 Nc4 65. Rg2 Ne3+ {[%mdl 64] Double Attack} 66. Ke1 Nxg2+ 67. Kf1 Nh4 68. h3 d2 69. Kg1 d1=Q+ 70. Kh2 Qe2+ {[%mdl 64] Double Attack} 71. Kh1 Qg2#) 58. Rb1 Ba5 (58... Nf4+ $142 59. Kf3 Nd3 60. Ke2 c2 61. Ra1 c1=Q 62. Rxc1 Nxc1+ 63. Kd1 Nd3 64. a5 bxa5 65. Kc2 Nc5 66. Kd1 d4 67. Kc1 d3 68. b6 a4 69. b7 Nxb7 70. h4 a3 71. h5 a2 72. Kb2 d2 73. Kc2 a1=Q 74. Kd3 d1=Q+ {[%mdl 64] Double Attack} 75. Kc4 Qd5+ 76. Kxb4 Qaa5#) 59. Re1+ Kd6 60. Re8 Ne7 (60... d4 $142 61. Rd8+ Ke5 62. Rg8 d3 63. Kf2 d2 64. h4 d1=Q 65. Rb8 Kf4 66. Kg2 Nxh4+ 67. Kh2 Qe2+ 68. Kh3 Qg4+ 69. Kh2 Qg2#) 61. Rd8+ Ke6 {Accuracy: White = 10%, Black = 46%.} 0-1

[Event "IMSA Blitz Women 2019"]
[Site "Hengshui"]
[Date "2019.05.17"]
[Round "1.2"]
[White "Koneru, Humpy"]
[Black "Paehtz, Elisabeth"]
[Result "1-0"]
[WhiteElo "2553"]
[BlackElo "2470"]
[Annotator "TA"]
[PlyCount "67"]
[EventDate "2019.05.17"]
[EventType "blitz"]
[EventCountry "CHN"]
[SourceTitle "playchess.com"]
[Source "ChessBase"]
[SourceQuality "1"]

{[%evp 19,67,22,22,14,33,25,63,66,72,37,133,150,200,195,194,204,203,196,201,209,296,289,307,293,295,77,61,55,67,0,34,0,0,-16,21,22,89,22,22,29,334,233,244,209,711,401,418,240,1439,1423]} 1. Nf3 g6 2. g3 Bg7 3. d4 d6 4. Bg2 Nd7 5. O-O e5 6. dxe5 dxe5 7. c4 Ngf6 8. Nc3 c6 9. Qc2 O-O 10. Rd1 Qe7 11. b3 {E67: King's Indian: Fianchetto: 6...Nbd7} h6 (11... Re8 12. Ng5 e4 13. Bf4 Ne5 14. Ngxe4 Bf5 15. Bg5 Neg4 16. Nxf6+ Bxf6 17. e4 Bxg5 18. exf5 Be3 19. Rf1 Rad8 20. Ne4 Bd4 21. fxg6 hxg6 22. Rae1 Nxf2 23. Nxf2 Qxe1 24. Rxe1 Rxe1+ 25. Bf1 Be3 {0-1 (25) Martins,D (2382)-Gupta,A (2634) London 2016}) 12. Nd2 $146 ({Predecessor:} 12. e4 Re8 13. Bb2 Nh7 14. Qd2 Ng5 15. Nxg5 hxg5 16. Bh3 Nf8 17. Bxc8 Raxc8 18. Qd6 Qxd6 19. Rxd6 {½-½ (31) Willmoth,R (2157)-Bates,R (2338) London 2013}) 12... Nc5 13. Ba3 {White is slightly better.} Bf5 14. Nde4 Nfxe4 (14... Bxe4 $14 15. Bxe4 (15. Nxe4 Nfxe4 16. Qxe4 {[%mdl 64] Pin} Rfd8 $14) 15... Rfe8) 15. Bxe4 $16 b6 16. Bxf5 gxf5 17. Qxf5 e4 18. Rac1 e3 19. f3 Rad8 (19... Rfe8 $142 20. Bxc5 Qxc5 21. Qxc5 bxc5) 20. Ne4 $18 Rxd1+ 21. Rxd1 {[%cal Re4c5]} Rd8 22. Rf1 $2 (22. Rxd8+ $18 {is the precise move to win.} Qxd8 23. Bxc5 (23. Nxc5 Qd1+ {[%mdl 64] Double Attack} 24. Kg2 Qxe2+ 25. Kh3 bxc5 $11) 23... Qd1+ 24. Kg2 bxc5 25. Kh3) 22... Qe6 $16 23. Qxe6 Nxe6 24. c5 (24. g4 $14) 24... Rd5 25. Rc1 f5 26. cxb6 {[%mdl 64] Hoping for b7. Discovered Attack} axb6 27. Rxc6 Nd4 {[#]} (27... Rd1+ $11 {remains equal.} 28. Kg2 Nd4 29. Rc8+ (29. Rxb6 $2 fxe4 30. Bb4 exf3+ 31. exf3 e2 $19) 29... Kh7) 28. Rc8+ (28. Nc3 $1 $16 Nxe2+ 29. Nxe2 Rd1+ 30. Kg2) 28... Kh7 $1 $11 29. Nc3 Ra5 $2 {[%mdl 8192]} (29... Nxe2+ $1 $11 30. Nxe2 Rd1+ 31. Kg2 Rd2) 30. Bb4 Ra7 31. a4 Nc2 $2 (31... Nxb3 32. Bd6 Ra5) 32. Bd6 {[#] Threatens to win with Nb5.} Rd7 33. Bf4 (33. Nb5 $142 Nd4 34. Nxd4 Bxd4 35. Rc6) 33... Rd1+ $2 (33... Rd2 34. Kf1 h5) 34. Nxd1 {Accuracy: White = 30%, Black = 24%.} 1-0

[Event "IMSA Blitz Women 2019"]
[Site "Hengshui"]
[Date "2019.05.17"]
[Round "1.2"]
[White "Dzagnidze, Nana"]
[Black "Tan, Zhongyi"]
[Result "1/2-1/2"]
[WhiteElo "2510"]
[BlackElo "2513"]
[Annotator "TA"]
[PlyCount "128"]
[EventDate "2019.05.17"]
[EventType "blitz"]
[EventCountry "CHN"]
[SourceTitle "playchess.com"]
[Source "ChessBase"]
[SourceQuality "1"]

{[%evp 20,128,0,-32,-32,-30,-30,-37,-30,-33,-33,-31,-29,-40,-32,-29,-29,-100,-96,-119,-114,-150,-135,-205,-165,-164,-100,-229,-118,-201,-118,-104,0,0,23,17,14,18,37,27,20,34,41,15,15,15,14,31,138,138,138,138,138,138,138,138,138,138,138,8,8,8,112,105,190,0,0,0,0,0,0,0,0,0,0,0,0,0,0,0,0,0,0,0,0,0,0,0,0,0,0,0,0,0,0,0,0,0,0,0,0,0,0,0,0,0,0,0,0,0,0]} 1. Nf3 d5 2. d4 Nf6 3. Bf4 e6 4. e3 c5 5. c3 Nc6 6. Nbd2 Bd6 7. Bg3 O-O 8. Bd3 b6 9. O-O Bb7 10. Ne5 Qc7 11. f4 Ne7 {D02: 1 d4 d5 2 Nf3 sidelines, including 2...Nf6 3 g3 and 2...Nf6 3 Bf4} 12. Bh4 (12. Qb1 Qc8 13. Bh4 Nf5 14. Bxf5 exf5 15. Bxf6 gxf6 16. Nef3 Qe6 17. Re1 Ba6 18. Nh4 cxd4 19. exd4 {1-0 (28) Korobov,A (2692)-Dominguez Perez,L (2739) Doha 2016}) 12... Ne4 13. Bxe7 Qxe7 {Black is slightly better.} 14. Nxe4 dxe4 15. Be2 {[#]} Rfd8 $146 ({Predecessor:} 15... Rac8 16. Qa4 a6 17. Qb3 Bc7 18. a4 Rb8 19. f5 Bxe5 20. dxe5 {1-0 (66) Kayumov,S (2505)-Salgado Lopez,I (2622) Dubai 2014}) 16. Qe1 Rac8 17. Rd1 a6 18. Qf2 (18. a4 $11) 18... b5 $17 19. h3 Bd5 20. c4 bxc4 21. Bxc4 (21. Nxc4 $17 cxd4 22. Rxd4) 21... cxd4 22. Bxd5 {[#]} exd5 (22... dxe3 $1 $19 23. Qe2 Bxe5 24. Bxe6 Qxe6 25. fxe5 Qxe5 26. Qxe3 Rxd1 27. Rxd1 Qxb2 28. Qxe4 Qxa2) 23. Rxd4 (23. exd4 $17 {is the only way for White.} Qa7 24. Ng4) 23... Qe6 (23... f6 $19 24. Ng4 h5) 24. Ng4 (24. Rdd1 $17) 24... f5 ({Black should play} 24... h5 $19 25. Ne5 Bc5) 25. Ne5 Rf8 ({Black should try} 25... a5 $17 26. Ra4 Bc5) 26. Rfd1 $11 Rc5 {[%cal Bc8c5,Bc5b5,Bb5b7][%mdl 32]} 27. Qd2 {[%cal Rd4d5]} Bxe5 28. fxe5 Rd8 29. b4 Rb5 30. a4 $36 {[%mdl 2048] White has some pressure.} Rb7 31. Rxd5 Rxd5 32. Qxd5 Qxd5 33. Rxd5 Rxb4 $14 {[%mdl 4096] Endgame KR-KR} (33... Kf7 $1 $14) 34. e6 $16 {[%cal Rd5d8]} Kf8 35. Rxf5+ Ke7 36. Rf7+ Kxe6 37. Rxg7 Rxa4 38. Rxh7 Ra2 39. Kh2 ({Better is} 39. Rh6+ $16 Ke5 40. Rh5+ Kf6 41. Rh4) 39... Re2 $1 $11 40. Rh6+ Ke5 {[#]} (40... Kd5 $1 $11 {remains equal.}) 41. Rh5+ $1 $16 Kf6 (41... Kd6 $16) 42. Ra5 $2 (42. Kg3 $18) 42... Rxe3 $11 {The position is equal.} 43. h4 Re1 44. Kg3 Rf1 45. Rxa6+ Ke5 46. Ra8 e3 47. Re8+ Kd4 48. h5 Kd3 49. h6 Rh1 50. Kf3 Rf1+ 51. Kg4 e2 52. Kg5 {Hoping for h7.} Rh1 53. Kg6 {aiming for h7.} Rh4 54. h7 Rg4+ $1 55. Kf5 Rh4 56. Kg6 Rg4+ $1 57. Kf6 Rh4 58. Kg7 Rg4+ 59. Kf6 Rh4 60. Kg6 {g3 is the strong threat.} Rg4+ $1 61. Kf5 Rh4 62. Kg6 {Threatens to win with g3.} Rg4+ $1 63. Kf5 Rh4 64. Kg6 {Black must now prevent g3.} Rg4+ $1 {Accuracy: White = 52%, Black = 59%.} 1/2-1/2

[Event "IMSA Blitz Women 2019"]
[Site "Hengshui"]
[Date "2019.05.17"]
[Round "1.2"]
[White "Lei, Tingjie"]
[Black "Ushenina, Anna"]
[Result "1-0"]
[WhiteElo "2507"]
[BlackElo "2442"]
[Annotator "TA"]
[PlyCount "73"]
[EventDate "2019.05.17"]
[EventType "blitz"]
[EventCountry "CHN"]
[SourceTitle "playchess.com"]
[Source "ChessBase"]
[SourceQuality "1"]

{[%evp 9,83,0,0,0,0,0,0,0,0,-8,-2,-7,11,-74,-69,-80,-72,-87,-74,-83,-74,-79,-22,-41,-22,-96,-102,-63,-81,-87,-43,-63,-52,-76,8,-20,-10,-66,-48,-62,82,-3,-4,-6,0,5,65,15,152,132,531,533,543,429,383,64,50,0,0,0,60,61,729,724,705,498,1048,1043,1018,1006,29988,29989,29991,29992,29993,29994]} 1. e4 c6 2. d4 d5 3. e5 c5 4. dxc5 e6 5. a3 Bxc5 (5... Nc6 6. Nf3 Bxc5 7. b4 Bb6 8. b5 Nb8 9. Bb2 a6 10. a4 Nh6 11. Be2 axb5 12. axb5 Rxa1 13. Bxa1 {1-0 (40) Grischuk,A (2771)-Navara,D (2739) Shamkir 2019}) 6. b4 {B12: Caro-Kann: Advance Variation} Be7 7. Nf3 a5 8. b5 {The position is equal.} Nd7 9. Bb2 Nh6 10. Bd3 f6 11. O-O {[#]} (11. Nbd2 $11) 11... Nf7 $1 $17 {[%cal Rf6e5]} 12. exf6 Bxf6 13. Nc3 $146 ({Predecessor:} 13. Bxf6 Qxf6 {1-0 (42) Fressinet,L (2651)-Hansen,T (2429) Porticcio 2017}) 13... Nc5 14. Re1 O-O 15. Bf1 a4 (15... Bd7 $17) 16. Rb1 $11 Qd6 17. Na2 (17. b6 $11 {keeps the balance.}) 17... Bxb2 $17 18. Rxb2 e5 19. Nb4 Be6 20. h3 Rad8 21. Qe2 {[%cal Rf3e5]} Ne4 ({Black should try} 21... e4 $17 22. Nd4 Ne5) 22. c4 Nc3 23. Qc2 (23. Qd3 $11 d4 24. Nd2) 23... d4 $15 24. Bd3 e4 (24... h6 $15 {keeps the upper hand.}) 25. Rxe4 ({White should play} 25. Bxe4 $16 Bxc4 26. Bxh7+ Kh8 27. Bd3 Bxd3 28. Qxd3) 25... Nxe4 $11 26. Bxe4 h6 27. c5 Qc7 (27... Qe7 $11) 28. b6 Qc8 (28... Qe7 $11 {remains equal.}) 29. c6 $36 {[%mdl 2048] Black is under strong pressure.} bxc6 $2 {[%mdl 8192]} (29... Bb3 $16 {is tougher.} 30. cxb7 Qxc2 31. Bxc2 Rb8) 30. Nxc6 $18 Rd7 31. Nh4 {Strongly threatening Bh7+.} Ng5 32. Bd3 $2 (32. Ng6 $18 Rff7 {[#]} 33. Nce5 $1 {[%mdl 512]}) 32... Bd5 $14 33. Nb4 Qxc2 34. Rxc2 Bb7 (34... Be4 $1 $11) 35. Ng6 {f4 is the strong threat.} Rc8 $2 {[%mdl 8192]} (35... Ra8 $14) 36. Rxc8+ $18 Bxc8 37. Bc4+ {Played: Bd3-f5} 1-0

[Event "IMSA Blitz Women 2019"]
[Site "Hengshui"]
[Date "2019.05.17"]
[Round "1.2"]
[White "Harika, Dronavalli"]
[Black "Khotenashvili, Bela"]
[Result "1/2-1/2"]
[WhiteElo "2492"]
[BlackElo "2476"]
[Annotator "TA"]
[PlyCount "130"]
[EventDate "2019.05.17"]
[EventType "blitz"]
[EventCountry "CHN"]
[SourceTitle "playchess.com"]
[Source "ChessBase"]
[SourceQuality "1"]

{[%evp 15,130,34,65,0,9,-18,-16,-30,0,0,5,10,11,20,89,100,77,43,66,33,47,27,4,0,14,0,114,110,129,112,126,126,121,107,187,164,188,145,191,193,206,172,243,254,254,229,225,192,182,193,285,208,193,0,300,188,212,216,219,214,250,202,206,204,197,178,164,99,93,58,72,48,52,38,31,39,60,0,29,0,34,0,31,17,221,216,995,0,1144,0,0,0,0,0,0,0,0,0,0,0,0,0,0,0,0,0,0,0,0,0,31,0,0,0,28,0,0]} 1. Nf3 g6 2. e4 Bg7 3. d4 c6 4. Nc3 d5 5. h3 Nh6 6. Bd3 O-O 7. O-O f6 8. Re1 Nf7 9. exd5 {B15: Caro-Kann: 3 Nc3: 3...g6 and 3...dxe4 4 Nxe4 Nf6 5 Nxf6+ exf6} (9. b3 $14) (9. Bf1 b6 10. b3 e6 11. a4 Ba6 12. Ba3 Re8 13. Bd3 Bxd3 14. Qxd3 a5 15. Rad1 Na6 16. h4 Nb4 17. Qd2 {1-0 (69) Sanal,V (2490)-Laznicka,V (2675) Skopje 2018}) 9... cxd5 $11 10. Bf4 Nc6 11. Bb5 e6 12. Bg3 $146 ({Predecessor:} 12. a3 a6 13. Ba4 Na5 14. b4 {0-1 (60) Jelica,M (2207)-Foisor,S (2375) Plovdiv 2008}) 12... Nd6 13. Bd3 Re8 14. a3 Nf5 (14... a6 $11) 15. Bxf5 $1 $16 gxf5 16. Qd2 a6 17. Kh1 Bd7 18. Na4 b6 19. b3 Ne7 20. Qb4 a5 (20... Nc8 $11) 21. Qxb6 Ng6 {[#]} 22. Bc7 $1 {[%cal Rc7d8]} Qc8 {And now ...Ra6 would win.} 23. Nc5 Bf8 24. Bd6 Kf7 (24... Bc6 $16) 25. Bxf8 $18 Nxf8 26. Qd6 Qc6 27. Qg3 Ng6 28. Nh4 e5 (28... Ra7 $142 29. Nxg6 hxg6) 29. Nxd7 Qxd7 30. dxe5 fxe5 31. Qg5 Nxh4 32. Qxh4 Kg7 (32... Kg8 {might work better.} 33. Qg5+ Kf7) 33. Qg3+ Kf6 34. Qh4+ (34. Rad1 $142) 34... Kg7 35. Qg5+ Kf7 36. Rad1 Ra6 37. Rd3 ({But not} 37. c4 $6 d4) 37... Rg6 38. Qh5 {Black must now prevent c4.} Kg7 39. Rf3 Rf6 40. Rg3+ Kh8 41. Rge3 (41. Kg1 $18) 41... e4 $16 42. Qg5 Rf7 43. Rg3 d4 44. Qf4 $40 {[%mdl 128] Black needs to defend precisely.} Qc7 45. Qd2 Rd8 46. Qg5 (46. b4 $14) 46... Re8 47. Qd2 Rd8 48. Qg5 Re8 49. Rd1 Qxc2 $2 (49... Qe5 $11 {and Black stays safe.}) 50. Rxd4 $18 {[#] Intending Rd8 and mate.} Qxf2 $2 (50... Qc7 51. Qd2 f4) 51. Rd7 $2 (51. Rd8 $18 Qe1+ 52. Kh2 Qxg3+ 53. Kxg3) 51... Qe1+ 52. Kh2 Qxg3+ $1 53. Qxg3 Rxd7 $11 {[%mdl 4096] Endgame KQ-KRR} 54. Qc3+ Kg8 55. Qc4+ Kg7 56. Qc3+ Kf7 57. Qxa5 Kf6 58. Qc3+ Kf7 59. Qc4+ ({Resist} 59. Qc5 Kf6 $16) 59... Kf6 60. Qc3+ Kf7 61. Qc4+ ({Don't do} 61. Qc5 $6 Kf6 $16) 61... Ke7 62. Qc5+ Ke6 63. Qc6+ Ke7 64. Qc5+ Ke6 65. Qc6+ Ke7 {Accuracy: White = 50%, Black = 51%.} 1/2-1/2

[Event "IMSA Blitz Women 2019"]
[Site "Hengshui"]
[Date "2019.05.17"]
[Round "1.2"]
[White "Abdumalik, Zhansaya"]
[Black "Zhao, Xue"]
[Result "1-0"]
[WhiteElo "2464"]
[BlackElo "2485"]
[Annotator "TA"]
[PlyCount "66"]
[EventDate "2019.05.17"]
[EventType "blitz"]
[EventCountry "CHN"]
[SourceTitle "playchess.com"]
[Source "ChessBase"]
[SourceQuality "1"]

{[%evp 12,66,18,27,28,26,16,14,59,46,54,36,43,29,25,25,54,46,29,33,39,33,48,25,73,75,104,60,113,28,81,-150,-146,-331,-319,-318,-317,-294,-271,-300,-266,-258,-255,-247,-254,-385,-355,-366,-261,-523,-520,-29996,-345,-1674,-1476,-1414,-1285]} 1. e4 e5 2. Nf3 Nf6 3. d4 exd4 4. e5 Ne4 5. Qxd4 d5 6. exd6 Nxd6 7. Nc3 Nc6 {C43: Petroff Defence: 3 d4} 8. Qa4 (8. Qf4 g6 9. b3 Bg7 10. Bb2 Qf6 11. Qxf6 Bxf6 12. O-O-O Be6 13. Bb5 O-O-O 14. Bxc6 bxc6 15. Nd4 Bd7 16. f3 Rhe8 17. Na4 Nb7 18. b4 Be7 19. Nb3 Bxb4 20. Bf6 Be7 {½-½ (20) Bu,X (2707)-Ding,L (2730) Shenzhen 2014}) 8... Be7 9. Bd3 Bf5 $146 {The position is equal.} ({Predecessor:} 9... O-O 10. O-O Be6 11. Bf4 Qd7 12. Nb5 Rfe8 13. Rad1 a6 14. Nxd6 cxd6 15. c3 {½-½ (54) Scuderi,A (2310)-Zelovic,V (2386) ICCF email 2009}) 10. Bxf5 Nxf5 11. Bf4 O-O 12. O-O Bd6 13. Rad1 Qc8 14. Nd5 Re8 15. Bxd6 Nxd6 16. Qf4 Re4 17. Qg3 {Hoping for Nf6+.} Re6 18. Rfe1 Rg6 19. Qh4 h6 (19... Qf5 $14 20. Qf4 Qd7) 20. Kh1 (20. Ne5 $16 {aiming for Nxc6.} Nxe5 21. Rxe5 (21. Ne7+ Kh7 $14)) 20... Kh7 (20... Kh8 $11) 21. Ne7 $2 (21. h3 $16 {keeps the pressure on.}) 21... Nxe7 $40 {[%mdl 128] Black wants a kill.} 22. Rxe7 $2 (22. Qxe7 $17 Qg4 23. Rg1) 22... Nf5 $1 $19 {[%csl LRe7,LRh4][%mdl 64] Double Attack} 23. Qe4 Nxe7 24. Qxe7 {[#]} Qg4 $1 {[%csl Gg6][%cal Rg4g2]} 25. Rg1 Qe6 26. Qxc7 Rc8 ({Resist} 26... Qxa2 27. Qxb7 Re8 28. Nd4 $17) 27. Qxb7 Rxc2 28. Nd4 (28. Qxa7 $142 Rxb2 29. a3) 28... Qc8 29. Qxf7 Rxb2 {Strongly threatening ...Qg4!} 30. Qf3 $2 (30. Qxa7 {only move.} Rxf2 31. Nf3) 30... Qg4 31. Qe3 {[#]} (31. Qd3 $19 Rxf2 32. h3) 31... Rb1 $2 (31... Qxg2+ $1 {[%mdl 512] mates} 32. Rxg2 Rb1+ 33. Qe1 Rxe1+ 34. Rg1 Rgxg1#) 32. Qf3 $2 (32. g3 Rb2 33. Kg2) 32... Rxg1+ 33. Kxg1 Qxd4 {[%mdl 32768] Accuracy: White = 20%, Black = 42%. . Loss on time!?} 1-0

[Event "IMSA Blitz Women 2019"]
[Site "Hengshui"]
[Date "2019.05.17"]
[Round "1.2"]
[White "Bodnaruk, Anastasia"]
[Black "Gunina, Valentina"]
[Result "1-0"]
[WhiteElo "2431"]
[BlackElo "2506"]
[Annotator "RC"]
[PlyCount "165"]
[EventDate "2019.05.17"]
[EventType "blitz"]
[EventCountry "CHN"]
[SourceTitle "playchess.com"]
[Source "ChessBase"]
[SourceQuality "1"]
[TimeControl "180+2"]

1. e4 {[%emt 0:00:00]} c6 {[%emt 0:00:00]} 2. d4 {[%emt 0:00:00]} d5 {[%emt 0:00:00]} 3. e5 {[%emt 0:00:00]} Bf5 {[%emt 0:00:01]} 4. Nf3 {[%emt 0:00:01]} e6 {[%emt 0:00:02]} 5. Be2 {[%emt 0:00:00]} Nd7 {[%emt 0:00:01]} 6. O-O {[%emt 0:00:02]} h6 {[%emt 0:00:01]} 7. c3 {[%emt 0:00:00]} Ne7 {[%emt 0:00:01]} 8. Nbd2 {[%emt 0:00:08]} a5 {[%emt 0:00:04]} 9. Ne1 {[%emt 0:00:02]} c5 {[%emt 0:00:01]} 10. Ndf3 {[%emt 0:00:06]} Nc6 {[%emt 0:00:01]} 11. Bd3 {[%emt 0:00:03]} Bxd3 {[%emt 0:00:02]} 12. Nxd3 {[%emt 0:00:02]} Be7 {[%emt 0:00:01]} 13. Be3 {[%emt 0:00:04]} cxd4 {[%emt 0:00:05]} 14. cxd4 {[%emt 0:00:08]} O-O {[%emt 0:00:02]} 15. Nd2 {[%emt 0:00:02]} Qb6 {[%emt 0:00:03]} 16. Qg4 {[%emt 0:00:02]} Kh7 {[%emt 0:00:05]} 17. Nf4 {[%emt 0:00:09]} Rad8 {[%emt 0:00:31]} 18. Nf3 {[%emt 0:00:15]} Qxb2 {[%emt 0:00:23]} 19. Rab1 {[%emt 0:00:03]} Qxa2 {[%emt 0:00:16]} 20. Rxb7 {[%emt 0:00:02]} a4 {[%emt 0:01:04]} 21. Nh5 {[%emt 0:00:09]} Rg8 {[%emt 0:00:42]} 22. Qf4 {[%emt 0:00:01]} Qc2 {[%emt 0:00:08]} 23. Qxf7 {[%emt 0:01:01]} Qg6 {[%emt 0:00:01]} 24. Qxg6+ {[%emt 0:00:06]} Kxg6 {[%emt 0:00:01]} 25. Nf4+ {[%emt 0:00:01]} Kf7 {[%emt 0:00:01]} 26. Rc1 {[%emt 0:00:15]} Na5 {[%emt 0:00:06]} 27. Ra7 {[%emt 0:00:03]} Nc4 {[%emt 0:00:01]} 28. Rxa4 {[%emt 0:00:07]} Ra8 {[%emt 0:00:00]} 29. Rxa8 {[%emt 0:00:04]} Rxa8 {[%emt 0:00:01]} 30. h4 {[%emt 0:00:12]} Ra3 {[%emt 0:00:01]} 31. Re1 {[%emt 0:00:01]} Bb4 {[%emt 0:00:03]} 32. Re2 {[%emt 0:00:01]} Nb8 {[%emt 0:00:05]} 33. h5 {[%emt 0:00:24]} Nc6 {[%emt 0:00:00]} 34. g4 {[%emt 0:00:07]} Ra1+ {[%emt 0:00:03]} 35. Kg2 {[%emt 0:00:01]} Bc3 {[%emt 0:00:03]} 36. g5 {[%emt 0:00:07]} Rd1 {[%emt 0:00:04]} 37. g6+ {[%emt 0:00:07]} Ke7 {[%emt 0:00:02]} 38. Ra2 {[%emt 0:00:03]} Ra1 {[%emt 0:00:01]} 39. Rc2 {[%emt 0:00:03]} Ra3 {[%emt 0:00:02]} 40. Ne2 {[%emt 0:00:06]} Bb4 {[%emt 0:00:01]} 41. Bf4 {[%emt 0:00:05]} Rd3 {[%emt 0:00:03]} 42. Ra2 {[%emt 0:00:02]} Ra3 {[%emt 0:00:01]} 43. Rc2 {[%emt 0:00:00]} Rd3 {[%emt 0:00:02]} 44. Ra2 {[%emt 0:00:01]} Ra3 45. Rc2 Rd3 {[%emt 0:00:02]} 46. Kg3 {[%emt 0:00:07]} Ra3 {[%emt 0:00:02]} 47. Kg4 {[%emt 0:00:02]} Rd3 {[%emt 0:00:04]} 48. Rc1 {[%emt 0:00:04]} Ra3 {[%emt 0:00:01]} 49. Rd1 {[%emt 0:00:02]} Ra8 {[%emt 0:00:02]} 50. Rb1 {[%emt 0:00:03]} Ra4 {[%emt 0:00:03]} 51. Kg3 {[%emt 0:00:02]} Na3 {[%emt 0:00:02]} 52. Rc1 {[%emt 0:00:01]} Nc4 {[%emt 0:00:01]} 53. Nh2 {[%emt 0:00:01]} Ra2 {[%emt 0:00:02]} 54. Ng1 {[%emt 0:00:05]} Ra3+ {[%emt 0:00:01]} 55. Ngf3 {[%emt 0:00:02]} Nxd4 {[%emt 0:00:01]} 56. Rd1 {[%emt 0:00:03]} Ne2+ {[%emt 0:00:02]} 57. Kg4 {[%emt 0:00:00]} Nxf4 {[%emt 0:00:01]} 58. Kxf4 {[%emt 0:00:01]} Nb2 {[%emt 0:00:03]} 59. Rb1 {[%emt 0:00:03]} Nd3+ {[%emt 0:00:01]} 60. Kg4 {[%emt 0:00:02]} Kd7 {[%emt 0:00:03]} 61. Nd4 {[%emt 0:00:04]} Ra4 {[%emt 0:00:04]} 62. Kf3 {[%emt 0:00:01]} Nxe5+ {[%emt 0:00:01]} 63. Ke2 {[%emt 0:00:02]} Nc6 {[%emt 0:00:03]} 64. Nxc6 {[%emt 0:00:02]} Kxc6 65. Ng4 {[%emt 0:00:01]} d4 {[%emt 0:00:05]} 66. Nxh6 {[%emt 0:00:02]} Kd5 {[%emt 0:00:02]} 67. Nf7 {[%emt 0:00:02]} Ra2+ {[%emt 0:00:01]} 68. Kf3 {[%emt 0:00:01]} Be7 {[%emt 0:00:04]} 69. Rb7 {[%emt 0:00:04]} Bf6 {[%emt 0:00:02]} 70. h6 {[%emt 0:00:01]} gxh6 {[%emt 0:00:00]} 71. Nxh6 {[%emt 0:00:01]} Ra3+ {[%emt 0:00:02]} 72. Kg2 {[%emt 0:00:01]} Kc6 {[%emt 0:00:04]} 73. Rb1 {[%emt 0:00:02]} d3 {[%emt 0:00:01]} 74. Ng4 {[%emt 0:00:02]} Bg7 {[%emt 0:00:01]} 75. Rd1 {[%emt 0:00:04]} Kc5 {[%emt 0:00:02]} 76. f4 {[%emt 0:00:02]} Kd4 {[%emt 0:00:02]} 77. Kf3 {[%emt 0:00:01]} Kc3 {[%emt 0:00:05]} 78. Ne3 {[%emt 0:00:03]} Bd4 {[%emt 0:00:04]} 79. Rg1 {[%emt 0:00:03]} d2 {[%emt 0:00:04]} 80. g7 {[%emt 0:00:02]} Bxg7 {[%emt 0:00:01]} 81. Rxg7 {[%emt 0:00:01]} Kb2 {[%emt 0:00:04]} 82. Rd7 {[%emt 0:00:03]} Kc1 83. Ke4 1-0